MARC details
| 000 -LEADER |
| fixed length control field |
01207nam a2200337 a 4500 |
| 001 - CONTROL NUMBER |
| control field |
60655978 |
| 003 - CONTROL NUMBER IDENTIFIER |
| control field |
OCoLC |
| 005 - DATE AND TIME OF LATEST TRANSACTION |
| control field |
20170425095147.0 |
| 008 - FIXED-LENGTH DATA ELEMENTS--GENERAL INFORMATION |
| fixed length control field |
050616s2005 nyua c 000 1 spa d |
| 020 ## - INTERNATIONAL STANDARD BOOK NUMBER |
| International Standard Book Number |
043967929X : |
| Terms of availability |
$19.95 |
| 020 ## - INTERNATIONAL STANDARD BOOK NUMBER |
| International Standard Book Number |
9780439679299 |
| 040 ## - CATALOGING SOURCE |
| Original cataloging agency |
AZT |
| Transcribing agency |
AZT |
| Modifying agency |
AZT |
| -- |
BAKER |
| -- |
OCLCQ |
| -- |
SAP |
| -- |
LNQ |
| -- |
UtOrBLW |
| 041 1# - LANGUAGE CODE |
| Language code of text/sound track or separate title |
spa |
| Language code of original |
eng |
| 100 0# - MAIN ENTRY--PERSONAL NAME |
| Personal name |
Madonna, |
| Dates associated with a name |
1958- |
| 240 10 - UNIFORM TITLE |
| Uniform title |
<a href="Lotsa de Casha.">Lotsa de Casha.</a> |
| Language of a work |
Spanish. |
| 245 10 - TITLE STATEMENT |
| Title |
Seforra Depasta / |
| Statement of responsibility, etc. |
por Madonna ; ilustrado por Rui Paes. |
| 250 ## - EDITION STATEMENT |
| Edition statement |
1a. ed. |
| 260 ## - PUBLICATION, DISTRIBUTION, ETC. (IMPRINT) |
| Place of publication, distribution, etc. |
New York : |
| Name of publisher, distributor, etc. |
Scholastic, Inc. : |
| -- |
Callaway, |
| Date of publication, distribution, etc. |
2005. |
| 300 ## - PHYSICAL DESCRIPTION |
| Extent |
1 v. (unpaged) : |
| Other physical details |
col. ill. ; |
| Dimensions |
26 cm. |
| 500 ## - GENERAL NOTE |
| General note |
"Un libro de Callaway." |
| 500 ## - GENERAL NOTE |
| General note |
"Scholastic en español"--P. [3] of cover. |
| 520 ## - SUMMARY, ETC. |
| Summary, etc. |
A man who has spent his life making money, but who cannot find happiness, learns some valuable lessons from unlikely sources. |
| 650 #0 - SUBJECT ADDED ENTRY--TOPICAL TERM |
| Topical term or geographic name as entry element |
Happiness |
| Form subdivision |
Juvenile fiction. |
| 650 #0 - SUBJECT ADDED ENTRY--TOPICAL TERM |
| Topical term or geographic name as entry element |
Wealth |
| Form subdivision |
Juvenile fiction. |
| 650 #0 - SUBJECT ADDED ENTRY--TOPICAL TERM |
| Topical term or geographic name as entry element |
Conduct of life |
| Form subdivision |
Juvenile fiction. |
| 650 #7 - SUBJECT ADDED ENTRY--TOPICAL TERM |
| Topical term or geographic name as entry element |
Felicidad |
| Form subdivision |
Novela juvenil. |
| Source of heading or term |
bidex. |
| 650 #7 - SUBJECT ADDED ENTRY--TOPICAL TERM |
| Topical term or geographic name as entry element |
Riqueza |
| Form subdivision |
Novela juvenil. |
| Source of heading or term |
bidex. |
| 650 #7 - SUBJECT ADDED ENTRY--TOPICAL TERM |
| Topical term or geographic name as entry element |
Conducta (©tica) |
| Form subdivision |
Novela juvenil. |
| Source of heading or term |
bidex. |
| 700 1# - ADDED ENTRY--PERSONAL NAME |
| Personal name |
Paes, Rui. |
| 942 ## - ADDED ENTRY ELEMENTS (KOHA) |
| Koha item type |
Libro/Book |